Sväté knieža Rastislav Múdry

Bibliographic Details
Main Author: Romaňák, Peter (Author)
Format: Article
Language:Slovak
PhysicalDescription:Obr.
Subjects:

MARC

LEADER 00000nab a2200000 a 4500
001 vtls000648288
003 SK-MaSNL
005 20260302183257.0
008 161104c1998 xo 0 slo
015 |a SNBRA1998/01-00905 
035 |a CLN000000484 
040 |a SNKBUCL  |b slo  |c SNKBUCL  |e AACR2 
041 0 |a slo 
044 |a xo  |c SK 
080 |a 943.76-051"08"  |2 1997 
080 |a 943.72-051"08"  |2 1997 
080 |a 929 Rastislav  |2 1997 
080 |a 940.1-051"08"  |2 1997 
100 1 |a Romaňák, Peter  |4 aut  |9 275326 
245 1 0 |a Sväté knieža Rastislav Múdry  |c Peter Romaňák 
300 |b Obr. 
600 0 7 |a Rastislav,  |c veľkomoravské knieža,  |d asi 820-po 870  |2 snkbucl  |9 218230 
655 7 |a články z novín a časopisov  |2 snkbucl  |9 267496 
773 0 |t Slovenská republika  |g Roč. 6, č. 15 (20.1.1998), s. 8 
850 |a Slovenská národná knižnica v Martine 
852 |a SNK  |b KIS3GCP 
958 |a BX 
958 |a SK 
999 |c 1421113  |d 1423043